Quiz o roku 2017 - Statystyki

Ogólne statystyki
  • Ten quiz został rozwiązany 12 razy
  • Średni wynik to 10 z 20
Statystyki odpowiedzi
Podpowiedź Odpowiedź % Poprawnych
Zabawka mająca na celu w domyśle polepszenie koncentracji, która w połowie roku stała się hitem Fidget Spinner
80%
Portorykański wokalista znany z utworu "Despacito" Luis Fonsi
80%
Legendarny polski wokalista i kompozytor, kojarzony m.in. z czołówki do "Pszczółki Mai", zmarły w maju 2017 r. Zbigniew Wodecki
80%
Nowo wybrany prezydent Francji po pokonaniu w 2. turze Marine Le Pen Emmanuel Macron
70%
Ten sportowiec pobił absolutny rekord transferowy, przechodząc do Paris Saint-Germain za 222 miliony Euro Neymar Jr.
70%
Maski z wizerunkiem tego katalońskiego artysty stały się jednym z głównych motywów przewodnich serialu "Dom z Papieru" Salvador Dali
70%
Dla niepodległości tego europejskiego kraju odbyło się w 2017 nieuznane referendum, poparte przez 92% głosujących Katalonia
60%
Miasto w Finlandii, gdzie Polska zajęła 1. miejsce w drużynowych skokach narciarskich Lahti
60%
Japońska konsola przenośna będąca kontynuacją kultowej Wii U, lecz odnosząca dużo większy sukces komercyjny Nintendo Switch
60%
Polski serial komediowy z Robertem Górskim w roli głównej, przedstawiał on w prześmiewczy sposób prezesa PiS oraz jego otoczenie Ucho Prezesa
60%
Konfliktem tych dwóch młodych raperów z dredami żył w pewnym momencie cały polski YouTube Young Multi | Young Czuux
60%
Utwór będący podkładem do licznych memów z tamtego okresu przedstawiającego ludzi dryfujących w przestrzeni kosmicznej po niefortunnym upadku etc. Shooting Stars
40%
To zjawisko z 21 sierpnia objęło swoim zasięgiem niemal całe Stany Zjednoczone Wielkie Amerykańskie Zaćmienie
40%
Wokalista Linkin Park, który dokonał samobójstwa przez powieszenie Chester Bennington
30%
Album Kendricka Lamara, za który otrzymał później prestiżową nagrodę Pulitzera DAMN.
30%
Świeżo wyremontowany dworzec kolejowy w Łodzi, w spocie promocyjnym Cezary Pazura sparafrazował swoje słowa z filmu Ajlawju: "Łódź ku*wa!" Łódź Fabryczna
30%
Na gali Oscarów najlepszym filmem 2016 ogłoszono "La La Land", lecz doszło do pomyłki i nagrodę miała odebrać inna produkcja. Która? Moonlight
30%
Film zobrazowany techniką malarską przy udziale ok. 65 tysięcy klatek, oparty na życiorysie Van Gogha Twój Vincent
30%
"Proszę o niezwłoczne usunięcie treści które są chronione prawami autorskimi zespołu [...] na tym kanale YouTube. Nie podjęcie tych czynności będzie skutkowało skasowaniem w całości tego kanału." - o kim mowa? Golec uOrkiestra
20%
Huragan 5. stopnia, który największe szkody wyrządził na Wyspach Karaibskich oraz na Florydzie Huragan Irma
20%
Nie znaleziono quizów pasujących do podanych kryteriów
Rozkład punktacji
Procent ludzi z każdym wynikiem
Percentyl według liczby udzielonych odpowiedzi
Twoja historia wyników
Nie rozwiązałeś tego quizu